Quizzes
Events
Quiz Creation
Community
Videos
Private Events
Remove Ads
Sign In
Join for FREE
Feedback
Dark Mode
Quiz Categories
Sports
Geography
Music
Movies
Television
Just For Fun
Miscellaneous
History
Literature
Language
Science
Gaming
Entertainment
Religion
Holiday
For Kids
Quiz Lab
Recent
Popular Today
Quiz Kudos Today
Editor Picks
Curator Picks
Quizzes by...
Day
Popularity
Type
Ratings
Length
Year
Community
Subscriptions
Recent Discussions
Orange Saloon
Badges
Playlists
Quests
Create
Leaderboards
Showdown
Live 5
Trivia Bingo
Activity
Puzzle Library
Sporcle Events
Private Events
Virtual Trivia
Globe League
Become a Host
Pub Owners
SporcleCon
Opinionation
Our Games
Videos
Blog
Mobile Apps
Partnerships
Remove Ads and Go Orange
Feedback
Music
Pop Music
The Beatles
Song
Album
Lyrics
Bands
Singers
Artist
Clip
Rock
Rap
Classical
Billboard
Country Music
Kpop
Taylor Swift
Music
Pop Music
The Beatles
Song
Album
Lyrics
Bands
Singers
Artist
Clip
Rock
Rap
Classical
Billboard
Country Music
Kpop
Taylor Swift
Random Quiz
Search Sporcle
×
Quiz Lab
Quiz Lab
Music
Leader
Click on answers out of a set of options
Click on answers out of a set of options
Multiple Choice
Best Score? Go Orange.
Get the band from the leader Stats
Can you select the band from the leader?
By
Ibleedred
60s
10 Questions
11 Plays
11 Plays
11 Plays
Comments
Comments
Give Quiz Kudos
Give Quiz Kudos
-
- Ratings
hide this ad
Random Order
Randomize order of answers
Randomize order of answers
Replay
Link that replays current quiz
Next Quiz
Link to next quiz in quiz playlist
You Got
0%
They Got
Avg Score
73%
Avg Friend Score
Upgrade to see
Score Distribution
Jump to the score distribution portion of the page
Score
0/10
Timer
01:00
0
Plays Today
Question
Answer
Wrong Answers
Huey Lewis and the ……..
News
100%
Helicopters
0%
Nerds
0%
Hoteliers
0%
Bob Seger and the...…..
Silver bullet band
90.9%
Masters of the Universe
0%
Hounds of hell
9.1%
Seebirds
0%
The Dave Clark......
Five
90.9%
Forum
9.1%
Four
0%
Fellows
0%
Bruce Springsteen and the '?' Street Band
E
90.9%
B
9.1%
C
0%
D
0%
Ian Dury and the...….
Blockheads
81.8%
Pinheads
0%
Razorheads
0%
Deadheads
18.2%
Cliff Richard and the...….
Shadows
81.8%
Richardsons
0%
Ravers
0%
Shakers
18.2%
........of Arthur Brown
The crazy world
81.8%
Life and times
9.1%
Trials and tribulations
9.1%
Ups and downs
0%
Martha and the........
Muffins
63.6%
Marshmallows
9.1%
Melons
18.2%
Moondogs
9.1%
Graham Parker and the...….
Rumour
27.3%
Myth
9.1%
Scandals
54.5%
Whispers
9.1%
Cliff Bennet and the...…..
Rebel Rousers
27.3%
Fortunes
36.4%
Heartbreakers
9.1%
Bell Boys
27.3%
Quiz Playlist
Details
Report
Send in Message
Add To Playlist
Multiple Choice:
Click on answers out of a set of options
Random Order:
Randomize order of answers
Last Updated: Oct 4, 2019
Quiz Scoreboard
CHALLENGE
Sign Up to Join the Scoreboard
Show All
Scores
Hide
Comments
May contain spoilers
Recently Published
An Introduction to Baseball
by treessimontrees
Sports
5m
Movies - When Are They Set?
by FPL_Elf
Movies
5m
Popular People in 1961
by mucciniale
History
6m
More to Explore
Quiz From the Vault
Featured Blog Post
Where Did the Easter Bunny Come From?
hide this ad
You Might Also Like...
Tags
Leader
Today's Top Quizzes in Music
Browse Music
hide this ad
Today's Top Quizzes in Leader
Browse Leader
Top Contributed Quizzes in Music
1
Taylor Swift All Songs (2024)
2
2010s Album by Cover III
3
Guess the Artist- 70s Songs
4
One Thing in Common: Music
5
Taylor Swift Logic Puzzle
6
Guess the Taylor Swift song (Mystery Song)
7
2010s Album by Cover IV
8
2010s Album by Cover V
9
KPOP LOGIC QUIZ
10
Kpop Logic Quiz
Explore More
Trending Topics
NBA
Kpop
Harry Potter
Anime
Marvel
Disney
Crossword
Song
Soccer
Country
WWE
The Office
Pokémon
Puzzle
NFL
hide this ad
More By:
Ibleedred
Quiz
Plays
Rating
Category
Featured
Created
Get the band from the leader
11
Music
Oct 4, 2019
Go to Creator's Profile
Score Distribution
Quiz Creator Spotlight
Ibleedred
Follow
Send a Message
Quizzes Created
-
Created Quiz Play Count
-
More By This Creator
Popular Quizzes Today
1
Find the Countries of Europe - No Outlines Minefield
2
Find the US States - No Outlines Minefield
3
The Countries of the World
4
Popular People in 1961
5
US States
6
1-10 Letter E Words III
7
Find the US States
8
One Thing in Common: World Cities II
More Music Quizzes
Taylor Swift - Forever Winter (Taylor's Version)
Quiz Lab
Trending Quizzes
Risky Map Clicking: Least Populous States A-Z
1-10 Letter F Words
1-10 Letter G Words
One Thing in Common: United Kingdom
Risky Map Clicking: Next State Alphabetically
Recently Updated
Leaping Animals
pecheneg
Reality TV Shows (A-Z)
bhenderson79
Rickey Henderson's Hall of Fame Teammates
pecheneg
Champions League XIs: Arsenal
pecheneg
Quick Pick: Celebrities in WWE's Hall of Fame
aduchscher
A-Z Keypad Blitz II
pecheneg
Multiple Oscar Actors
pecheneg
Mystery Phrase Blitz: Oscar 'Best Actors'
pecheneg
F. Scott Fitzgerald Novels
LTH
Pick 3 Villains
ddd62291
Trending Topics
Disney
Harry Potter
Anime
Crossword
Marvel
NBA
Kpop
Puzzle
Country
NFL
The Office
Song
WWE
Soccer
Pokémon
Your Account Isn't Verified!
In order to create a playlist on Sporcle, you need to verify the email address you used during registration. Go to your
Sporcle Settings
to finish the process.
Report this User
Report this user for behavior that violates our
Community Guidelines
.
Details:
Send Report
Go to the Sporcle.com Mobile Site →
Comments